| 000 | 00882nam a22002657a 4500 | ||
|---|---|---|---|
| 003 | CHAP | ||
| 005 | 20220329140011.0 | ||
| 008 | 971013s1965 r 00010 d | ||
| 010 | _a45317 | ||
| 011 | _a46289 | ||
| 035 | _a50430 | ||
| 040 | _cCHAP | ||
| 090 | _aFolleto 701 | ||
| 110 |
_aUniversity of Kentucky. College of Agriculture and Home Economics _9116733 |
||
| 245 |
_aForage crop breeding and measuremente of forage nutritive quality _b: papers presented at Agronomy Centennial Seminars |
||
| 260 |
_aLexington : _bThe University, _c1965 |
||
| 300 | _a47 p. | ||
| 590 |
_aBATCH-UPD _b10 _c20130110 _lUCH01 _h2010 |
||
| 590 |
_aCONVERSION _b10 _c20130109 _lUCH01 _h1325 |
||
| 650 | 1 | 4 |
_aForrajes _xValor nutritivo. _942601 |
| 650 | 1 | 4 |
_aPlantas forrajeras _xMejoramiento. _988971 |
| 901 | _aBK | ||
| 942 | _cFOLL | ||
| 949 |
_aFolleto 701 _bBC _cFOLL _d-113307 _eTS1 _i50430 _si |
||
| 999 |
_c45317 _d45317 |
||